Zadĺženosť obyvateľstva v podmienkach Slovenskej republiky bakalárska práca

Na minha lista:
Detalhes bibliográficos
Autor principal: Dudášová, Dominika
Autor Corporativo: Národohospodárska fakulta EU. Katedra bankovníctva a medzinárodných financií
Outros Autores: Sljuka, Nina, 1996-
Formato: Livro
Idioma:eslovaco
Publicado em: Bratislava 2023
Tags: Adicionar Tag
Sem tags, seja o primeiro a adicionar uma tag!

MARC

LEADER 00000nbm a2200000 4500
001 0294578
005 20231023121249.8
041 0 |a slo 
044 |a SK 
245 1 0 |a Zadĺženosť obyvateľstva v podmienkach Slovenskej republiky  |b bakalárska práca  |c Dominika Dudášová ; školiteľ: Nina Sljuka 
264 1 |a Bratislava  |c 2023 
300 |a 49 s. 
100 1 |a Dudášová, Dominika 
700 1 |a Sljuka, Nina, 1996- 
710 2 |a Národohospodárska fakulta EU. Katedra bankovníctva a medzinárodných financií